| 000 | 02045nam0a2200397 4500 | ||
|---|---|---|---|
| 001 | RU\NLR\BIBL_A\022674414 | ||
| 005 | 20260210153724.0 | ||
| 010 |
_a978-5-04-213828-7 _92000 |
||
| 021 |
_aRU _bКН-П-25-062086 _9КН-П-25-6003 |
||
| 035 | _a(NLR Aleph) 022674414 | ||
| 090 |
_a13552176 _c13552176 |
||
| 100 | _a20251128d2025 u y0rusy50 ca | ||
| 101 | 1 |
_arus _ceng |
|
| 102 | _aRU | ||
| 105 | _aa z 000yy | ||
| 181 | 0 |
_ai3 _baxxe |
|
| 182 | 0 | _an | |
| 200 | 1 |
_aC# для начинающих _eцветное издание, четкие пошаговые инструкции, создайте приложение с нуля, опыт в разработке не нужен _eруководство _fМайк МакГрат _g[перевод с английского К. А. Вантуха] |
|
| 203 |
_aТекст _bвизуальный _cнепосредственный |
||
| 205 | _a3-е изд. | ||
| 210 |
_aМосква _cЭксмо, Бомбора _d2025 |
||
| 215 |
_a285 с. _cцв. ил. _d24 |
||
| 225 | 1 | _aПрограммирование для начинающих | |
| 300 | _aЗагл. и авт. ориг.: C# programming in easy steps / Mike McGrath | ||
| 313 | _a1 изд. нет. | ||
| 333 | _a12+ | ||
| 454 | 0 |
_12001#$aC# programming in easy steps$fMike McGrath _1700#1$aMcGrath$bM.$gMike$3RU\NLR\AUTH\770246472 |
|
| 606 | 1 |
_aC#, язык программирования _jРуководства, пособия и т.п _2nlr_sh1 _2nlr_sh2 _3RU\NLR\AUTH\661325801 |
|
| 606 | 1 |
_aMICROSOFT .NET, операционная система _jРуководства, пособия и т.п _2nlr_sh1 _2nlr_sh2 _3RU\NLR\AUTH\661343193 |
|
| 606 | 1 |
_aMICROSOFT VISUAL STUDIO C#, система программирования _jРуководства, пособия и т.п _2nlr_sh2 _3RU\NLR\AUTH\6601627734 |
|
| 686 | 1 | _aЗ973.23-018.1я7 | |
| 700 | 1 |
_aМак-Грат _bМ. _gМайк _3RU\NLR\AUTH\770246470 |
|
| 942 | _cBOOK | ||
| 980 | _aNB | ||